000 01037nam0a22002291 4500
001 rc\2823805
005 20260406111605.0
035 _a(NLR Aleph) 006982138
090 _a5542126
_c5542126
100 _a20110623d1932 |||y0rusy50 ca
101 0 _arus
102 _aRU
105 _ay j |||||
200 1 _aНаучимся считать
_eУчебник математики на тунгус. яз. для 1-го и 1-ой половины 2 года обуч.
_eПер. для учителя не тунгуса
_fГ.М. Василевич
_gНауч.-исслед. ассоц. Ин-та народов Севера ЦИК СССР
210 _aМосква
_cУчпедгиз
_d1932
_g17 тип. треста "Полиграфкнига"
215 _aОбл., 56 с.
_d21х14 см
700 1 _4070
_7ca
_8rus
_aВасилевич
_bГ. М.
_f1895-1971
_gГлафира Макаровна
_9105291
_3RU\NLR\AUTH\77122366
801 0 _aRU
_bNLR
_gpsbo
801 1 _aRU
_bELAR
_2rusmarc
852 _aNLR
_j33-10/1392
942 _cBOOK
980 _aNB